| 000 | 00751cab a2200277 4500 | ||
|---|---|---|---|
| 001 | ABS48464 | ||
| 008 | 090401t1993 xxu||||| |||| 00| 0 eng d | ||
| 035 | _a(Sirsi) u66913 | ||
| 041 | _aeng | ||
| 100 | _aGreene, N. | ||
| 245 | _aOpportunities in minerals and waste disposal | ||
| 260 | _c1993 | ||
| 350 | _a0 | ||
| 490 |
_aCS Monthly : Rural Practice _v2(7) April 1993, 6(1) |
||
| 520 | _aIdentifies opportunities for landowners and farmers in minerals and waste disposal. | ||
| 650 | _aLANDFILL | ||
| 650 | _aMINERAL WORKINGS | ||
| 650 | _aMINING | ||
| 650 | _aPLANNING POLICY | ||
| 650 | _aQUARRYING | ||
| 650 | _aROYALTIES | ||
| 650 | _aWASTE DISPOSAL | ||
| 690 | _aMINING AND MINERALS | ||
| 942 | _n0 | ||
| 948 | _c04/03/1997 | ||
| 999 |
_c41822 _d41822 |
||